000 01750cam a22004814i 4500
003 PE-LiUPU
005 20250731165513.0
008 150623s1999 ilu r 000 0 eng d
020 _a0830814531
035 _a(Sirsi) i9780830814534
040 _aPE-LiUPU
_bspa
_cPE-LiUPU
_erda
049 _aPRUA
082 0 4 _a285.0973d
_bD26
_221
245 0 0 _aDictionary of the Presbyterian & Refomed Tradition in America /
_ceditado por D. G. Hart.
264 1 _aDowners Grove, Illinois :
_bInterVarsity Press,
_c1999.
300 _a286 páginas ;
_c23 centímetros
336 _atext
_2rdacontent
337 _aunmediated
_2rdamedia
338 _avolume
_2rdacarrier
505 0 _aGuide to using this Dictionary. -Abbreviations. -List of contributors. -Introduction. -Dictionary Articles.
526 _aSEG44
526 _aSEG26
526 _aP151
526 _aP150
526 _aP149
526 _aP146
526 _aP145
526 _aP126
526 _aP125
526 _aP92
526 _aP75
526 _aP74
526 _aP27
526 _aP15
610 2 _aIglesia presbiteriana
_zEstados Unidos
_vDiccionarios.
700 1 _aHart, D. G.,
_eed.
942 _2ddc
_cBOOK
949 _aRC 285.0973D D26
_wDEWEY
_c1
_i48802
_d2015-11-23
_lCCODEBUL1
_mBUL
_q2
_r0
_sY
_tBOOK
_u2015-6-24
_xTEOLOGIA
_PP35
_0COMPRA
_o.CIRCNOTE. No olvidar cambiar la fecha de devolución!!!!!!!
_o.STAFF. Colección General
994 _aC0
_bPEPRU
596 _a1
999 _aRC 285.0973D D26
_wDEWEY
_c27960
_i48802
_d27960
_f2021-11-8
_g6
_lCCODEBUL1
_mBUL
_q2
_r1
_sY
_tBOOK
_u2015-6-24
_xTEOLOGIA
_PP35
_0COMPRA
_o.CIRCNOTE. No olvidar cambiar la fecha de devolución!!!!!!!
_o.STAFF. Colección Teología
980 _81
_gALBERTO SANCHEZ Responsable de Automatización